000
00227nam a22000857a 4500
008
161206b xxu||||| |||| 00| 0 eng d
100
_9
1856
_a
Sharma, et.al
245
_a
Mathematics Laboratory Manual
260
_a
New Delhi
_b
Jiwan
_c
2007
999
_c
4602
_d
4602